| 000 | 01400nam a2200361 i 4500 | ||
|---|---|---|---|
| 001 | 198452 | ||
| 003 | ES-MaACL | ||
| 005 | 20260612163127.0 | ||
| 007 | ta | ||
| 008 | 260612s1958 fr ||||| |||| 001 0 fre d | ||
| 040 |
_aES-MaACL _bspa _cES-MaACL _erda |
||
| 080 | _a510.22 | ||
| 100 | 1 |
_930945 _aBourbaki, Nicolás _eaut _4aut |
|
| 245 | 1 | 0 |
_aTopologie générale. _nLivre III. _nChapitre 9, _pUtilisation des nombres réels en topologie générale / _cN. Bourbaki |
| 250 | _aNouvelle édition | ||
| 264 | 1 |
_aParís : _bHermann, _c1958 |
|
| 300 |
_a169 páginas ; _c24 cm + _e1 hoja (sumario de la colección) |
||
| 336 |
_2rdacontent _aTexto |
||
| 337 |
_2rdamedia _asin mediación |
||
| 338 |
_2rdacarrier _avolumen |
||
| 490 | 1 |
_aActualités scientifiques et industrielles ; _v1045 |
|
| 490 | 1 | _aÉléments de mathématique | |
| 500 | _aPrecede al título: Fascicule VIII | ||
| 504 | _aBibliografía: página 167 sin numerar. Índices | ||
| 650 | 7 |
_aConjuntos, Teoría de _9160452 |
|
| 700 | 1 |
_iContenida en (obra) : _aBourbaki, Nicolas. _tÉlements de mathématique _9242753 |
|
| 830 | 0 |
_aActualités scientifiques et industrielles ; _v1045 _9181441 |
|
| 830 | 0 |
_aÉléments de mathématique _9242754 |
|
| 852 |
_aES-MaACL _cDES _jP-521 _xEncuadernación rústica |
||
| 942 |
_cMONOGRAFIA _n0 |
||
| 999 |
_c198452 _d198452 |
||